000 00223nam a2200097Ia 4500
001 734452
005 20250826163834.0
008 250824s9999 xx 000 0 und d
245 0 _aMETEHAN
_cYUSUF OSMAN
260 _bYEDİVEREN
999 _c734452
_d734452